[Event "It (cat.2)"]
[Site "masterchessopen.com Techirghiol (Romania)"]
[Round "6"]
[White "Raceanu Valentin (ROM)"]
[Black "Florescu Codrut (ROM)"]
[Result "1-0"]
[WhiteElo "2370"]
[BlackElo "2361"]

1.d4 Nf6 2.c4 e6 3.Nc3 Bb4 4.e3 c5 5.Bd3 Nc6 6.Nf3 Bxc3+ 7.bxc3 d6 8.O-O e5
9.Nd2 O-O 10.Rb1 Re8 11.d5 Na5 12.e4 b6 13.Nb3 Nb7 14.f3 Nd7 15.Na1 Nf8 16.Nc2
Ng6 17.g3 Na5 18.Ne3 Ba6 19.Rb2 Rc8 20.Rg2 Rc7 21.f4 exf4 22.gxf4 Bc8 23.f5
Ne5 24.f6 Ng6 25.Nf5 Re5 26.h4 gxf6 27.h5 Kf8 28.Bh6+ Ke8 29.hxg6 hxg6 30.Bf4
b5 {#r} 1-0

[Event "Ch de la Loire (Top20)"]
[Site "masterchessopen.com France"]
[Date "2003.04.12"]
[Round "8"]
[White "Etlicher Dominique (FRA)"]
[Black "Poncet Alain (FRA)"]
[Result "1-0"]
[WhiteElo "2004"]
[BlackElo "1861"]

1.d4 Nf6 2.c4 e6 3.Nc3 Bb4 4.e3 c5 5.Bd3 Nc6 6.Ne2 d5 7.O-O O-O 8.a3 Bxc3
9.bxc3 b6 10.cxd5 exd5 11.Ng3 Re8 12.a4 Bg4 13.f3 Bd7 14.Qd2 Na5 15.Qf2 Nb3
16.Rb1 Nxc1 17.Rbxc1 Bxa4 18.e4 dxe4 19.fxe4 Qd7 20.e5 Ng4 21.Qf4 Bb3 22.Nf5
Nxe5 23.dxe5 Qxd3 24.Qg5 g6 25.Nh6+ Kg7 26.Qf6+ Kxh6 27.Rf3 Qe2 28.Rh3+ Qh5
29.Rxh5+ Kxh5 30.Re1 Re6 31.Qf4 Rae8 32.g4+ Kh4 33.g5+ Kh5 34.Re4 {#r} 1-0

[Event "It (open)"]
[Site "masterchessopen.com Dresden (Germany)"]
[Date "2003.07.30"]
[Round "6"]
[White "Hutschenreiter Joerg"]
[Black "Skorna Ullrich (GER)"]
[Result "1-0"]
[WhiteElo "1984"]
[BlackElo "2166"]

1.d4 e6 2.c4 Nf6 3.Nc3 Bb4 4.e3 c5 5.Bd3 Nc6 6.Ne2 d5 7.O-O O-O 8.cxd5 Nxd5
9.Nxd5 Qxd5 10.a3 Ba5 11.Nf4 Qg5 12.dxc5 Rd8 13.Qc2 e5 14.Ne2 f5 15.Bc4+ Kh8
16.f4 Qe7 17.b4 Bc7 18.Bb2 exf4 19.exf4 b6 20.cxb6 Bxb6+ 21.Kh1 Rd6 22.Rae1
Bb7 23.Nd4 Qxe1 24.Rxe1 Nxd4 25.Qa4 Bc6 26.b5 Be4 27.Bf1 Rc8 28.h3 h6 29.Qb4
Rc5 30.Bxd4 Rxd4 31.Qxd4 Rc1 32.Qxe4 {#r} 1-0

[Event "It (open)"]
[Site "masterchessopen.com Belgrade (Yugoslavia)"]
[Date "2004.01.22"]
[Round "2"]
[White "Brujic Bozidar (SRB)"]
[Black "Nestorovic Lazar (SRB)"]
[Result "1-0"]
[WhiteElo "2228"]
[BlackElo "1990"]

1.d4 Nf6 2.c4 e6 3.Nc3 Bb4 4.e3 c5 5.Bd3 cxd4 6.exd4 O-O 7.Nf3 b6 8.O-O Bb7
9.Bg5 d6 10.Ne4 d5 11.Nxf6+ gxf6 12.Bh6 Re8 13.Ne5 f5 14.Qh5 Qf6 15.Bg5 Qg7
16.Qh4 dxc4 17.f3 Bf8 18.Bxc4 Nc6 19.Nd7 Be7 20.Nf6+ Bxf6 21.Bxf6 Qg6 22.Rac1
Na5 23.Bb5 Rec8 24.b4 Nc6 25.a3 a6 26.Be2 Rc7 27.d5 exd5 28.f4 Re8 29.Bh5 Qh6
30.Bxf7+ Rxf7 31.Qxh6 Re6 32.Qg5+ Kf8 33.Bb2 {#r} 1-0

[Event "It (open)"]
[Site "masterchessopen.com Copenhagen (Denmark)"]
[Date "2004.02.15"]
[Round "9"]
[White "Naes Flovin Tor (FAI)"]
[Black "Vovk Oksana (DEN)"]
[Result "0-1"]
[WhiteElo "2302"]
[BlackElo "2153"]

1.d4 Nf6 2.c4 e6 3.Nc3 Bb4 4.e3 c5 5.Bd3 Nc6 6.Nf3 Bxc3+ 7.bxc3 d6 8.O-O e5
9.d5 Ne7 10.Qc2 O-O 11.Nd2 Ng6 12.f4 exf4 13.exf4 Re8 14.h3 Rb8 15.a4 Bd7
16.a5 Qc7 17.Nf3 b5 18.axb6 axb6 19.g4 b5 20.f5 Ne5 21.Nxe5 dxe5 22.g5 Nh5
23.Be4 bxc4 24.Qf2 Rb3 25.Ra6 Qb7 26.Ra3 Rxa3 27.Bxa3 Qb3 28.Bb2 {#R} 0-1

[Event "It \"]
[Site "masterchessopen.com Copenhagen (Denmark)"]
[Date "2004.07.25"]
[Round "2"]
[White "Holst Conny (SWE)"]
[Black "Sammalvuo Tapani (FIN)"]
[Result "0-1"]
[WhiteElo "2163"]
[BlackElo "2438"]

1.d4 Nf6 2.c4 e6 3.Nc3 Bb4 4.e3 c5 5.Bd3 Nc6 6.Nf3 Bxc3+ 7.bxc3 d6 8.e4 e5
9.d5 Ne7 10.h3 h6 11.O-O g5 12.Nd2 Ng6 13.Re1 Nf4 14.Nf1 Qe7 15.Ng3 Kd8 16.Be2
h5 17.Bxf4 gxf4 18.Nxh5 Nxe4 19.Nxf4 exf4 20.Bd3 f5 21.f3 Nxc3 22.Qb3 Qg7
23.Kh1 Rg8 24.Rg1 Qd4 25.Bf1 Ne4 {#R} 0-1

[Event "It (open)"]
[Site "masterchessopen.com Tulsa (USA)"]
[Date "2005.04.17"]
[Round "4"]
[White "Claassen Chris (USA)"]
[Black "Ellis James S (USA)"]
[Result "1-0"]
[WhiteElo "2071"]
[BlackElo "2125"]

1.d4 Nf6 2.c4 e6 3.Nc3 Bb4 4.e3 c5 5.Bd3 Nc6 6.Nf3 Bxc3+ 7.bxc3 d6 8.O-O e5
9.d5 Ne7 10.e4 h6 11.h3 O-O 12.Ne1 g5 13.h4 Bg4 14.f3 Bd7 15.hxg5 hxg5 16.Bxg5
Nh7 17.Bh6 Re8 18.f4 Ng6 19.f5 {#r} 1-0

[Event "It (open)"]
[Site "masterchessopen.com Bethune (France)"]
[Date "2005.07.06"]
[Round "5"]
[White "Lhost Geoffrey (BEL)"]
[Black "Bosch Joachim (FRA)"]
[Result "0-1"]
[WhiteElo "2074"]
[BlackElo "2060"]

1.d4 Nf6 2.c4 e6 3.Nc3 Bb4 4.e3 c5 5.Bd3 cxd4 6.exd4 Nc6 7.Ne2 d5 8.O-O O-O
9.Bg5 Be7 10.Rc1 b6 11.Re1 Bb7 12.a3 Rc8 13.cxd5 Nxd5 14.Bxe7 Ncxe7 15.Ng3 Qd7
16.Nge4 Nf4 17.Bb1 h6 18.Qc2 f5 19.Ng3 Nxg2 20.Qd3 Ng6 21.Red1 N6f4 22.Qb5
Qxb5 23.Nxb5 Nh4 24.Nd6 Nf3+ 25.Kf1 Ba6+ {#R} 0-1

[Event "Ch Poland (team) (juniors) (1 liga)"]
[Site "masterchessopen.com Koszalin (Poland)"]
[Date "2005.07.07"]
[Round "3"]
[White "Grygierczyk Wojciech (POL)"]
[Black "Sadzikowski Daniel (POL)"]
[Result "0-1"]
[WhiteElo "1687"]
[BlackElo "2089"]

1.d4 Nf6 2.c4 e6 3.Nc3 Bb4 4.e3 c5 5.Bd3 b6 6.Ne2 Bb7 7.O-O O-O 8.a3 Bxc3
9.Nxc3 d5 10.cxd5 cxd4 11.exd4 Nxd5 12.Ne2 Ba6 13.Bxa6 Nxa6 14.Qd3 Nac7 15.Rd1
Qf6 16.Be3 Rfd8 17.Qb3 Ne7 18.Rac1 Ncd5 19.Rd2 Rd7 20.h3 Rad8 21.Rcd1 Nf5
22.Rd3 h6 23.Qc2 Qg6 24.Bc1 Rc7 25.Qd2 Rdc8 26.Nc3 Nxc3 27.Rxc3 Rxc3 28.bxc3
Nh4 {#R} 0-1

[Event "Ch Poland (team) (juniors) (1 liga)"]
[Site "masterchessopen.com Koszalin (Poland)"]
[Date "2005.07.08"]
[Round "5"]
[White "Gajdzica Maciej (POL)"]
[Black "Luch Michal (POL)"]
[Result "0-1"]
[WhiteElo "2040"]
[BlackElo "2378"]

1.d4 Nf6 2.c4 e6 3.Nc3 Bb4 4.e3 c5 5.Bd3 Nc6 6.Ne2 cxd4 7.exd4 d5 8.a3 Be7
9.O-O O-O 10.Bf4 b6 11.b4 Bb7 12.Rc1 a5 13.b5 Na7 14.Qb3 dxc4 15.Bxc4 Rc8
16.a4 Bd6 17.Rfd1 Bxf4 18.Nxf4 Qd6 19.Nce2 Rc7 20.d5 e5 21.Nh3 Rfc8 22.Ng5 h6
23.Ne6 fxe6 24.dxe6 Qb4 25.Rd8+ Kh7 26.Bd3+ e4 27.Rxc8 Rxc1+ 28.Nxc1 Qxb3
29.Nxb3 Nxc8 {#R} 0-1

[Event "It (open)"]
[Site "masterchessopen.com Minsk (Belarus)"]
[Date "2005.07.16"]
[Round "7"]
[White "Aleksandrov Aleksej (BLR)"]
[Black "Shaposhnikov Evgeny (RUS)"]
[Result "1-0"]
[WhiteElo "2636"]
[BlackElo "2559"]

{ Aleksandrov Aleksej (BLR) +3 =2 -0 Shaposhnikov Evgeny (RUS) +2 =7 -2 } 1.d4
Nf6 2.c4 e6 3.Nc3 Bb4 4.e3 c5 5.Bd3 ( 5.Nf3 Nc6 6.Bd3 Bxc3+ 7.bxc3 d6 8.e4 e5
9.h3 h6 10.O-O O-O 11.Rb1 b6 12.Re1 Bd7 13.Rb2 Rc8 14.Be3 Re8 15.d5 Ne7 16.Nh4
g5 17.Nf3 Nh7 18.h4 Ng6 19.hxg5 hxg5 20.Nh2 Kg7 21.g3 Rh8 22.Be2 Ne7 23.Bg4 f5
24.exf5 Nxf5 { ...1/2-1/2, Aleksandrov Aleksej 2659 - Cvitan Ognjen 2532 ,
Jahorina 2003 Ch Bosnia & Herzegovina (team) } ) 5...cxd4 ( 5...Nc6 6.Nf3
Bxc3+ 7.bxc3 d6 8.e4 e5 9.h3 h6 10.d5 Ne7 11.Nd2 Qa5 12.Qc2 Bd7 13.Nf1 Nh5
14.g3 O-O-O 15.Ne3 g6 16.Bd2 Rdf8 17.Qd1 Ng7 18.f4 Nh5 19.fxe5 dxe5 20.d6 Nc6
21.Qf3 Be6 22.Nd5 Qd8 23.g4 Ng7 24.Be3 Qxd6 25.Qf2 { ...0-1, Sergeev Veniamin
2397 - Shaposhnikov Evgeny 2578 , St. Petersburg 2003 Ch St. Petersburg } )
6.exd4 d5 7.cxd5 { = } ( 7.Nf3 O-O 8.O-O dxc4 9.Bxc4 b6 10.Bg5 Bb7 11.Qe2 Bxc3
12.bxc3 Nbd7 13.Bd3 Qc7 14.Rfc1 Rfe8 15.Bh4 Nh5 16.Bg3 Nxg3 17.hxg3 Rac8
18.Bb5 Red8 19.a4 Bxf3 20.Qxf3 Nf6 21.Ba6 Rb8 22.Qe2 Rd6 23.Qe5 Qd8 24.Rab1 g6
25.Be2 Rd5 26.Qe3 Rc8 { ...1/2-1/2, Rozentalis Eduardas 2595 - Karpov Anatoly
2780 , Germany 1994 Bundesliga 1993/94 } ) 7...exd5 ( 7...Nxd5 8.Ne2 Nc6 9.a3
Nxc3 10.bxc3 Be7 11.Be4 Bd7 12.Qd3 h6 13.Qg3 Bg5 14.h4 Bf6 15.Bf4 Rc8 16.Rd1
Na5 17.O-O Ba4 18.Rb1 Bc6 19.Bd3 Bd5 20.Bb5+ Bc6 21.a4 h5 22.Be5 a6 23.Bxc6+
Rxc6 24.Rfd1 Rc4 25.Nf4 Kf8 26.Re1 Qc8 27.Bxf6 { ...1-0, Milov Vadim 2592 -
Chiburdanidze Maia 2497 , Batumi 2002 Ch Europe } ) 8.Bg5 { N } ( 8.Ne2 O-O
9.Bg5 ( 9.O-O Nc6 10.Bg5 Be7 11.h3 h6 12.Be3 Re8 13.Rc1 Bd6 14.Bb1 Be6 15.Qd2
Ne7 16.Bf4 Bxf4 17.Qxf4 Ng6 18.Qd2 Nh4 19.Nf4 Ne4 20.Nxe4 dxe4 21.Bxe4 Qg5
22.Rc5 f5 23.Qc1 Bxa2 24.Bxb7 Rad8 25.Rd1 Re7 26.Bc6 Rd6 27.Rd3 Qf6 { ...1-0,
Ivanov Jordan 2461 - Hernando Rodrigo Julio A 2323 , Barbera 2000 It (open) }
) 9...Nc6 10.O-O Be7 11.h3 h6 12.Be3 Re8 13.Nf4 Bf8 14.Qf3 Be6 15.a3 a6
16.Rac1 Qd6 17.Rfd1 Rad8 18.Bb1 Na5 19.Nd3 Nc6 20.Nc5 Bc8 21.Ba2 g5 22.g4 Bg7
23.b4 Ne7 24.Qg3 Ng6 25.Qxd6 Rxd6 26.b5 Bf8 27.bxa6 bxa6 { ...1-0, Arbakov
Valentin 2483 - Ivanov Timur 2425 , Moscow 1999 Cup Russia (open) } ) ( 8.Nf3
O-O 9.Ne5 Nc6 10.O-O h6 11.Bc2 Re8 12.Bf4 Be6 13.Qd3 Rc8 14.Rac1 Ne7 15.Ba4
Nc6 16.a3 Bf8 17.h3 Qb6 18.Bxc6 bxc6 19.Na4 Qb5 20.Qxb5 cxb5 21.Nc5 Bf5 22.b4
g5 23.Bh2 Ne4 24.Rfd1 f6 25.Ned3 Nd6 26.Ra1 Nc4 27.Kf1 a5 { ...0-1, Ehlvest
Jaan 2600 - Berkes Ferenc 2570 , Panormo 2002 Ch Europe (blitz) } ) 8...O-O (
8...h6 9.Bh4 Bxc3+ 10.bxc3 O-O 11.Ne2 Nbd7 12.O-O Qa5 13.a4 Ne4 14.Qc2 Re8
15.Rfb1 a6 16.Rb4 Nf8 17.f3 Nd6 18.Bg3 Nc4 19.Nf4 Ne3 20.Qb3 Qd8 21.Re1 a5
22.Rb5 Bd7 23.Rxb7 Bc6 24.Bb5 Rc8 25.Bxc6 Rxc6 26.Qb5 Qc8 27.Nd3 Nc4 28.Rxe8 {
...1-0, Nogueiras Jesus 2555 - Barlov Dragan 2555 , Zagreb 1987 Izt } ) (
8...Nc6 9.Ne2 O-O 10.O-O Be7 11.f3 h6 12.Bf4 Be6 13.Qd2 Qd7 14.g4 Rfe8 15.Rad1
Rac8 16.Kh1 a6 17.Bb1 Na5 18.Bxh6 gxh6 19.Qxh6 Rc6 20.Nf4 Ne4 21.Bxe4 dxe4
22.Nh5 { 1-0, Kantsler Boris 2482 - Misanovic Vesna 2306 , Ljubljana 1992 It
(open) } ) 9.Ne2 { -0.15 CAP } 9...Bg4 { N } ( 9...Nc6 10.O-O Be7 11.h3 Re8
12.Re1 h6 13.Bh4 g5 14.Bg3 Be6 15.Be5 Nxe5 16.dxe5 Nd7 17.Nd4 Bf8 18.Bc2 Bg7
19.Nf3 Nf8 20.Qd4 h5 21.Rad1 g4 22.hxg4 hxg4 23.Nh2 Qg5 24.f4 gxf3 25.Nxf3 Qg3
26.Ne2 Qg4 27.Nf4 Red8 28.Nxe6 Qxe6 29.Bb3 { ...1-0, Hellsten Johan 2564 -
Ahlander Bjorn 2411 , Malme 2003 It (cat.9) } ) ( 9...h6 10.Bh4 Nc6 11.O-O Be7
12.Bc2 b6 13.Bxf6 Bxf6 14.Qd3 g6 15.Bb3 Be6 16.Rad1 Na5 17.Nf4 Bf5 18.Qf3 Nxb3
19.axb3 Bc2 20.Rd2 Bxb3 21.Ncxd5 Bxd5 22.Nxd5 Bg7 23.Re1 Qg5 24.Ne7+ Kh7
25.Qe3 Bf6 26.Qxg5 Bxg5 { 1/2-1/2, Vaisser Anatoly 2565 - Renet Olivier 2485 ,
Clichy 1991 It (open) } ) ( 9...Be6 10.O-O Bd6 11.f4 Be7 12.f5 Bc8 13.Qd2 b6
14.Rae1 Bb7 15.h3 Re8 16.Nf4 Ne4 17.Bxe7 Rxe7 18.Bxe4 dxe4 19.f6 Rd7 20.d5 Na6
21.Rxe4 Qxf6 22.Nh5 Qd6 23.Qg5 f6 24.Nxf6+ { 1-0, Veingold Aleksandr 2473 -
Cifuentes Parada Roberto 2490 , Oviedo 1992 It (active) } ) 10.f3 Be6 11.O-O
Nc6 12.Qb3 Be7 13.Rad1 Rb8 14.Bb1 Na5 { ?! } ( 14...Nh5 15.Bxe7 Nxe7 16.Rfe1
Re8 { } ) 15.Qc2 g6 16.Nf4 Bf5 { ?! } ( 16...Rc8 17.Nxe6 fxe6 18.Qe2 Rc6 { } )
17.Qf2 Bxb1 18.Rxb1 Qd6 19.Rfe1 Nc6 20.Nb5 Qd7 21.Qh4 a6 22.Na7 { ?! } (
22.Nc3 Qd6 23.Rbd1 Bd8 24.Kh1 { } ) 22...Bd8 { ? } ( 22...Nxd4 { !? } 23.Rxe7
Qxe7 24.Nxd5 Nxf3+ { } ) 23.Bxf6 Nxa7 24.Re5 Qd6 { ?! } ( 24...Bxf6 25.Qxf6 h6
26.Rbe1 Nc6 { } ) 25.Nxd5 Nc6 26.Rh5 { } {#r} 1-0

[Event "Cup Independence (open)"]
[Site "masterchessopen.com Kiev (Ukraine)"]
[Date "2005.08.14"]
[Round "3"]
[White "Julin Alexei (UKR)"]
[Black "Panchenko Alexandar G (UKR)"]
[Result "0-1"]
[WhiteElo "2231"]
[BlackElo "2393"]

1.d4 Nf6 2.c4 e6 3.Nc3 Bb4 4.e3 c5 5.Bd3 Nc6 6.Nf3 Bxc3+ 7.bxc3 d6 8.O-O O-O
9.d5 Ne7 10.e4 e5 11.Nh4 h6 12.f4 Ng6 13.Nxg6 fxg6 14.fxe5 dxe5 15.Be3 b6
16.h3 Qe7 17.a4 a5 18.Rb1 Rb8 19.Qf3 Bd7 20.Qg3 Kh7 21.Bc2 Nh5 22.Qe1 Rxf1+
23.Qxf1 Nf6 24.Qf2 Qd6 25.Qh4 Kg8 26.g4 g5 27.Qg3 Nh7 28.h4 gxh4 29.Qxh4 Rf8
30.Kg2 Qg6 31.Qg3 Bxg4 32.Bd1 Qxe4+ 33.Kh2 Bxd1 {#R} 0-1

[Event "Memorial L.Rudenko (w)"]
[Site "masterchessopen.com St. Petersburg (Russia)"]
[Date "2005.08.28"]
[Round "9"]
[White "Guseva Marina (RUS)"]
[Black "Derbentseva Irina (RUS)"]
[Result "1-0"]
[WhiteElo "2363"]
[BlackElo "2084"]

1.d4 Nf6 2.c4 e6 3.Nc3 Bb4 4.e3 c5 5.Bd3 Nc6 6.Ne2 O-O 7.O-O d6 8.f3 Qe7 9.Kh1
g6 10.a3 Ba5 11.f4 Nh5 12.d5 Nd8 13.e4 f5 14.dxe6 fxe4 15.Bxe4 Bxe6 16.Nd5 Qg7
17.Rb1 Nf6 18.Nxf6+ Qxf6 19.b4 Bc7 20.Bb2 Qh4 21.Qd3 Qh6 22.Bd5 cxb4 23.axb4
Rb8 24.Bxe6+ Nxe6 25.Qd5 g5 26.f5 {#r} 1-0

[Event "Ch SCG (team) (First League)"]
[Site "masterchessopen.com Vrnjacka Banja (Serbia)"]
[Date "2005.10.18"]
[Round "2"]
[White "Aleksandrov Aleksej (BLR)"]
[Black "Damljanovic Branko (SRB)"]
[Result "1-0"]
[WhiteElo "2636"]
[BlackElo "2609"]

{ Aleksandrov Aleksej (BLR) +4 =2 -0 Damljanovic Branko (SCG) +0 =3 -0 } 1.d4
Nf6 2.c4 e6 3.Nc3 Bb4 4.e3 c5 5.Bd3 Nc6 6.Nf3 Bxc3+ { ? } ( 6...d5 7.O-O O-O
8.a3 Bxc3 9.bxc3 Qc7 10.Bb2 Rd8 11.Qe2 dxc4 12.Bxc4 b6 13.h3 Bb7 14.e4 Rac8
15.Bd3 Ne7 16.c4 Ng6 { 1/2-1/2, Goldin Alexander 2620 - Kacheishvili Giorgi
2599 , Connecticut 10. 4.2004 It "Foxwoods Open" } ) 7.bxc3 d6 8.O-O e5 9.Nd2
O-O { ?/± } ( 9...Qe7 10.Nb3 e4 11.Be2 Bf5 12.a4 O-O 13.Kh1 Bg6 14.f4 exf3
15.gxf3 Rad8 16.Ra2 b6 17.e4 Nh5 18.Rg1 f5 19.Bg5 Nf6 20.exf5 Bxf5 21.Bd3 Qd7
22.Rag2 g6 23.Qc2 Ne7 24.Nd2 Rde8 25.Ne4 Nh5 26.Bh6 Rf7 27.Re2 Bxe4 28.Rxe4
Kh8 29.Qe2 { ...1/2-1/2, Gulko Boris F 2590 - Damljanovic Branko 2505 ,
Tilburg 1994 It "Interpolis" } ) 10.Re1 ( 10.d5 Ne7 11.f3 h6 12.Rf2 Nh7 13.e4
f5 14.exf5 Bxf5 15.Ne4 Nf6 16.Ng3 Bxd3 17.Qxd3 Qd7 18.Rb1 Rf7 19.Rfb2 b6
20.Re2 Raf8 21.Qc2 Ne8 22.Bd2 Nf5 23.Ne4 Nf6 24.Nxf6+ Rxf6 25.Re4 g5 26.Rg4
R8f7 27.Re1 Kg7 28.Qb1 Nh4 29.Rg3 Rg6 { ...1-0, Pinter Jozsef 2595 - Graf
Alexander 2625 , Recklinghausen 1998 It (cat.12) } ) 10...Ne8 { +0.93 CAP } (
10...Re8 11.d5 ( 11.Ne4 { +0.04 CAP } ) 11...Ne7 12.e4 Kh8 13.Nf1 Nfg8 14.Ng3
Rf8 15.Qc2 b6 16.Rb1 Qc7 17.Rb2 Bd7 18.Qb1 Rae8 19.f3 Qb8 20.Kh1 Qc7 21.Rf2
Rb8 22.Ref1 Rbe8 23.Bd2 f6 24.Bc2 Rf7 25.Ne2 Ng6 26.g3 Ref8 27.f4 exf4 28.gxf4
f5 29.exf5 N6e7 30.f6 { ...1-0, Aleksandrov Aleksej 2635 - Ibrahimov Rasul
2501 , Dubai 11. 4.2005 It (open) } ) ( 10...h6 11.d5 Ne7 12.Qc2 Ne8 13.e4 f5
14.exf5 Bxf5 15.Ne4 Qd7 16.Rb1 b6 17.Rb2 Nf6 18.Ng3 Bxd3 19.Qxd3 Nh7 20.Rbe2
Rf7 21.f4 exf4 22.Bxf4 Raf8 23.Re6 Nc8 24.Bd2 Qd8 25.Ne4 Qh4 26.h3 Nf6 27.Nxd6
Nxd6 28.Rxd6 Nh5 29.Rde6 Qf2+ 30.Kh2 { ...0-1, Neverov Valeriy 2540 - Gagarin
Vasilij 2424 , Smolensk 1991 Memorial S.Belavenets } ) ( 10...cxd4 11.cxd4
exd4 12.exd4 Bg4 13.f3 Bh5 14.Ne4 Nxe4 15.Bxe4 Rc8 16.Qd3 Bg6 17.Ba3 Re8
18.Rab1 Na5 19.Rec1 b6 20.Bb4 Nc6 21.Bd2 Qf6 22.Bc3 Qg5 23.Re1 h6 24.Rb5 Bxe4
25.fxe4 Qg6 26.Rf5 Rc7 27.Re3 Ne7 28.Rf1 Nc6 29.c5 dxc5 30.dxc5 { ...1/2-1/2,
Beliavsky Alexander G 2665 - Adorjan Andras 2520 , Salonika 1988 Olympiad } )
( 10...b6 11.Ne4 Bb7 12.Ng3 Ba6 13.d5 Na5 14.Qe2 e4 15.Nxe4 Nxe4 16.Bxe4 Qh4
17.Bd3 Bxc4 18.e4 b5 19.Bxc4 Nxc4 20.a4 a6 21.f4 Rfe8 22.e5 dxe5 23.axb5 axb5
24.Rxa8 Rxa8 25.fxe5 Re8 26.e6 fxe6 27.dxe6 Nd6 28.g3 Qf6 29.Bf4 Nc4 30.Qh5 {
...1-0, Jobava Baadur 2556 - Mchedlishvili Mikheil 2518 , Tbilisi 18. 5.2001
It (w) } ) 11.Nb3 b6 12.Be4 Qc7 { N } ( 12...Bb7 13.Bd5 Kh8 14.e4 Qc7 15.f4 f6
16.dxe5 dxe5 17.f5 Rd8 18.Re3 Ne7 19.Rh3 Bxd5 20.cxd5 Ng8 21.c4 Nd6 22.Qe2 b5
23.cxb5 c4 24.Rc3 Qb6+ 25.Be3 Qxb5 26.Nc5 Rf7 27.Ne6 Rb8 28.Bc5 Nb7 29.Qxc4
Qb2 30.Rac1 Nxc5 31.Qxc5 Qxa2 32.d6 { ...1-0, Puth Dieter 2265 - Walter
Berthold 2083 , Nickenich 1996 Ch SVR } ) 13.Bd5 Ba6 14.f4 Rd8 15.e4 Ne7
16.fxe5 dxe5 17.Ba3 Nd6 18.Nd2 Nxd5 19.cxd5 Rfe8 20.Qa4 Bb5 21.Qb3 Bd7 22.dxe5
Rxe5 23.c4 f6 24.Bb2 Re7 25.Qg3 Ne8 { ?! } ( 25...Rf7 26.e5 fxe5 27.Bxe5 Bf5 {
} ) {#r} 1-0

[Event "It (open)"]
[Site "masterchessopen.com Bad Wiessee (Germany)"]
[Round "3"]
[White "Seidl Juergen (GER)"]
[Black "Heinz Axel (GER)"]
[Result "0-1"]
[WhiteElo "2209"]
[BlackElo "2363"]

1.d4 Nf6 2.c4 e6 3.Nc3 Bb4 4.e3 c5 5.Bd3 Nc6 6.Ne2 Bxc3+ 7.bxc3 d6 8.O-O e5
9.Ng3 O-O 10.dxc5 dxc5 11.Ne4 Qe7 12.Nxf6+ Qxf6 13.Qc2 Kh8 14.f4 exf4 15.Rxf4
Qe7 16.Be4 Ne5 17.Bd5 Be6 18.Rb1 Rab8 19.Qe2 Ng6 20.Re4 Qd7 21.Bxe6 fxe6
22.Ba3 b6 23.Rd1 Qc6 24.Rg4 Rbd8 25.Bc1 Rxd1+ 26.Qxd1 Qc7 27.Re4 Rd8 28.Qg4
Qd7 29.Kf2 Rf8+ 30.Kg3 Rf5 31.h4 Ne5 32.Qe2 Nd3 33.Qd1 Qc7+ {#R} 0-1

[Event "Bundesliga B East 2005/06"]
[Site "masterchessopen.com Austria"]
[Date "2005.11.20"]
[Round "4"]
[White "Lovrinovic Christian (AUT)"]
[Black "Wandl Werner (AUT)"]
[Result "1-0"]
[WhiteElo "2184"]
[BlackElo "2130"]

1.d4 Nf6 2.c4 e6 3.Nc3 Bb4 4.e3 c5 5.Bd3 Nc6 6.Nf3 Bxc3+ 7.bxc3 d6 8.O-O e5
9.Qc2 O-O 10.h3 Qe7 11.Ng5 h6 12.Ne4 Ne8 13.Ng3 g6 14.d5 Na5 15.f4 f5 16.e4
exf4 17.Rxf4 g5 18.Nxf5 Bxf5 19.Rxf5 Rxf5 20.exf5 Qe1+ 21.Kh2 Qe5+ 22.g3 Ng7
23.Qe2 Qxe2+ 24.Bxe2 Nxf5 25.Bd3 Rf8 26.Kg2 Kg7 27.Bd2 Ne7 28.h4 gxh4 29.Re1
Ng6 30.Re6 Rf6 31.Bxh6+ Kf7 32.Bg5 {#r} 1-0

[Event "It (open)"]
[Site "masterchessopen.com Nikea (Greece)"]
[Round "8"]
[White "Markopoulos Theodoros (GRE)"]
[Black "Balaskas Panayotis (GRE)"]
[Result "0-1"]
[WhiteElo "1949"]
[BlackElo "2154"]

1.d4 Nf6 2.c4 e6 3.Nc3 Bb4 4.e3 c5 5.Bd3 Bxc3+ 6.bxc3 Qa5 7.Bd2 Nc6 8.Ne2 d6
9.O-O e5 10.Ng3 h5 11.h4 Qd8 12.d5 e4 13.Bxe4 Ne5 14.Bf5 Nfg4 15.Bxc8 Rxc8
16.e4 Qxh4 17.Re1 g6 18.Be3 Qh2+ 19.Kf1 h4 20.Ne2 h3 21.Ng3 Qxg2+ 22.Ke2 Rh4
{#R} 0-1

[Event "Extraliga 2005/06"]
[Site "masterchessopen.com Czech Republic"]
[Date "2006.01.14"]
[Round "7"]
[White "Plesek Jiri (CZE)"]
[Black "Jurek Josef (CZE)"]
[Result "0-1"]
[WhiteElo "2155"]
[BlackElo "2359"]

1.d4 Nf6 2.c4 e6 3.Nc3 Bb4 4.e3 c5 5.Bd3 Nc6 6.Nf3 Bxc3+ 7.bxc3 d6 8.e4 e5
9.d5 Ne7 10.Nh4 h6 11.f4 Ng6 12.Nxg6 fxg6 13.fxe5 dxe5 14.Rb1 O-O 15.O-O b6
16.Qb3 Rb8 17.Be3 Bd7 18.Rb2 Qe7 19.Qa3 Ng4 20.Bc1 Rxf1+ 21.Bxf1 Rf8 22.Qxa7
Qf7 23.Bd3 Nf2 {#R} 0-1

[Event "Tournament (open)"]
[Site "masterchessopen.com Rome (Italy)"]
[Date "2006.02.03"]
[Round "1"]
[White "Buonocore Riccardo"]
[Black "Fayard Alain (FRA)"]
[Result "0-1"]
[WhiteElo "1927"]
[BlackElo "2232"]

1.d4 Nf6 2.c4 e6 3.Nc3 Bb4 4.e3 c5 5.Bd3 Nc6 6.Nf3 Bxc3+ 7.bxc3 d6 8.e4 e5
9.d5 Ne7 10.Nh4 h6 11.f4 exf4 12.Bxf4 g5 13.e5 Nfxd5 14.Bg3 gxh4 15.Bxh4 Nf4
16.O-O dxe5 17.Rxf4 exf4 18.Qf3 Qc7 19.Rb1 Rg8 20.Re1 Be6 21.Rxe6 fxe6 22.Qh5+
Kd7 23.Qf7 Qd6 {#R} 0-1

[Event "Czech League 2005/06 (krajsky prebor)"]
[Site "masterchessopen.com Czech Republic"]
[Date "2006.02.05"]
[Round "7"]
[White "Steiner Pavel"]
[Black "Kriz Milan"]
[Result "1-0"]
[WhiteElo "1826"]
[BlackElo "1817"]

1.d4 Nf6 2.c4 e6 3.Nc3 Bb4 4.e3 c5 5.Bd3 d5 6.Nf3 h6 7.O-O O-O 8.cxd5 Nxd5
9.Nxd5 Qxd5 10.a3 Ba5 11.dxc5 Qxc5 12.b4 Qc3 13.Ra2 Bb6 14.Bb2 Qc7 15.Be5 Qd7
16.Rd2 Kh8 17.Bb1 Qe8 18.Qc2 f5 19.Bd6 Rf6 20.e4 Bd7 21.exf5 exf5 22.Re1 Re6
23.Rde2 Rxe2 24.Rxe2 Qg6 25.Ne5 Qf6 26.Bxb8 Bb5 27.Qc8+ Bd8 28.Rd2 Rxb8
29.Qxb8 Be8 30.Rxd8 Kh7 31.Rxe8 g5 32.Qxb7+ {#r} 1-0

[Event "It (open)"]
[Site "masterchessopen.com Cappelle la Grande (France)"]
[Date "2006.02.23"]
[Round "7"]
[White "Grigoriants Sergey (RUS)"]
[Black "Shengelia Davit (AUT)"]
[Result "1-0"]
[WhiteElo "2582"]
[BlackElo "2504"]

1.d4 Nf6 2.c4 e6 3.Nc3 Bb4 4.e3 c5 5.Bd3 Nc6 6.Nf3 Bxc3+ 7.bxc3 d6 8.e4 e5
9.d5 Ne7 10.Nh4 h6 11.h3 g5 12.Nf3 Ng6 13.g3 Kf8 { ?! } ( 13...Bd7 { !? }
14.Rb1 Rb8 15.Nd2 a6 { } ) 14.h4 Kg7 15.hxg5 hxg5 16.Rxh8 Qxh8 17.Bxg5 Bg4
18.Bxf6+ Kxf6 19.Be2 Qh1+ 20.Kd2 Qg2 21.Ke3 Nf4 { ?! } ( 21...Rh8 { !? }
22.Ne1 Bxe2 23.Nxg2 Bxd1 { } ) 22.gxf4 exf4+ 23.Kd3 Rh8 24.Qd2 Bxf3 25.Qxf4+
Ke7 26.Bxf3 Qxf2 27.Qg5+ Ke8 28.Qg2 { } {#r} 1-0

[Event "Ch Norway (open)"]
[Site "masterchessopen.com Oslo (Norway)"]
[Date "2006.04.09"]
[Round "2"]
[White "Lindblom Roar (NOR)"]
[Black "Tofte Sondre Waage (NOR)"]
[Result "0-1"]
[WhiteElo "1974"]
[BlackElo "2052"]

1.d4 Nf6 2.c4 e6 3.Nc3 Bb4 4.e3 c5 5.Bd3 Nc6 6.Ne2 d5 7.cxd5 Qxd5 8.Nf4 Qd6
9.O-O Bxc3 10.bxc3 e5 11.dxe5 Qxe5 12.Qc2 O-O 13.Bb2 Qg5 14.a3 Ne5 15.Qe2 Nxd3
16.Qxd3 Bf5 17.Qe2 Rfe8 18.Rfe1 Re4 19.Rad1 Rae8 20.Bc1 Qxf4 21.f3 R4e7 22.e4
Qc7 {#R} 0-1